[Event "?"]
[Site "?"]
[Date "????.??.??"]
[Round "?"]
[White "Varezhkin, V."]
[Black "Myronenko, N."]
[Result "1-0"]
[WhiteElo "2267"]
[BlackElo "1901"]
[Annotator "05"]
[PlyCount "81"]
[EventDate "2015.??.??"]

1. Nf3 d5 2. g3 g6 3. Bg2 Bg7 4. O-O Nf6 5. c4 O-O 6. cxd5 Nxd5 7. Nc3 c6 8. e4
Nxc3 9. bxc3 Nd7 10. a4 Nc5 11. Ne1 Be6 12. d4 Nb3 13. Rb1 Nxc1 14. Qxc1 Bc4
15. Rxb7 Ba6 16. Rb2 Bxf1 17. Bxf1 Qc7 18. Nd3 Rab8 19. Ra2 a5 20. Nc5 Rb6 21.
e5 e6 22. h4 h5 23. Bd3 Qe7 24. Re2 Rfb8 25. Kg2 Bf8 26. Kh3 Kg7 27. Na6 R8b7
28. Nc5 Rb8 29. Na6 R8b7 30. Nc5 Rb8 31. Qf4 Qd8 32. Ne4 Rb2 33. Re3 R8b7 34.
Rf3 Rd7 35. Nf6 Rc7 36. Nxh5+ Kg8 37. Nf6+ Kg7 38. h5 Be7 39. hxg6 Bxf6 40.
exf6+ Kg8 41. g7 1-0

[Event "?"]
[Site "?"]
[Date "????.??.??"]
[Round "?"]
[White "Gedgafov, C."]
[Black "Flock, D."]
[Result "1-0"]
[WhiteElo "2243"]
[BlackElo "1867"]
[Annotator "06"]
[PlyCount "67"]
[EventDate "2015.??.??"]

1. d4 Nf6 2. c4 g6 3. Nc3 d5 4. cxd5 Nxd5 5. e4 Nxc3 6. bxc3 Bg7 7. Be3 c5 8.
Qd2 O-O 9. Nf3 Qa5 10. Rc1 cxd4 11. cxd4 Qxd2+ 12. Nxd2 Rd8 13. d5 e6 14. Bg5
f6 15. Bf4 exd5 16. exd5 Re8+ 17. Be3 f5 18. g3 Nd7 19. Bg2 Bd4 20. Nc4 Bxe3
21. Nxe3 Nf6 22. O-O b5 23. Rc7 a5 24. Rfc1 Rd8 25. R1c6 Ne8 26. Re7 Ra6 27.
Bf1 Rxc6 28. dxc6 Nd6 29. Ra7 a4 30. Nd5 Be6 31. c7 Rf8 32. Ne7+ Kf7 33. c8=Q
Bxc8 34. Nxc8+ 1-0

[Event "?"]
[Site "?"]
[Date "????.??.??"]
[Round "?"]
[White "Eremin, A."]
[Black "Kaydanovich, M."]
[Result "1-0"]
[WhiteElo "2201"]
[BlackElo "1831"]
[Annotator "07"]
[PlyCount "27"]
[EventDate "2015.??.??"]

1. e4 e5 2. Nf3 Nc6 3. Bb5 f5 4. d3 fxe4 5. dxe4 Nf6 6. Qd3 d6 7. Nc3 Bd7 8.
Bg5 g6 9. Nd5 Bg7 10. Qc4 a6 11. Bxc6 Bxc6 12. Nxf6+ Bxf6 13. Qe6+ Be7 14. Nxe5
1-0

[Event "?"]
[Site "?"]
[Date "????.??.??"]
[Round "?"]
[White "Karpova, M."]
[Black "Gerasimov, A."]
[Result "0-1"]
[WhiteElo "1781"]
[BlackElo "2189"]
[Annotator "08"]
[PlyCount "72"]
[EventDate "2015.??.??"]

1. d4 Nf6 2. c4 g6 3. Nc3 c5 4. d5 d6 5. e4 Bg7 6. Nf3 O-O 7. Be2 e6 8. O-O e5
9. Bg5 h6 10. Be3 a6 11. Qd2 Ng4 12. h3 Nxe3 13. Qxe3 f5 14. Rab1 Nd7 15. b4
cxb4 16. Rxb4 Nc5 17. Rfb1 Rf7 18. Rb6 Bf8 19. Nxe5 dxe5 20. Rxg6+ Kh7 21. Rbb6
f4 22. Qf3 Nd7 23. Qh5 Nxb6 24. Rxb6 Rf6 25. Rxf6 Qxf6 26. Bd1 Bd7 27. Bb3 Bb4
28. Na4 Rg8 29. Nb2 Rg5 30. Qf3 Bc5 31. Nd3 Bd4 32. Kf1 Qb6 33. Nc1 Be8 34. Ne2
Bh5 35. g4 fxg3 36. Qf8 g2+ 0-1

[Event "?"]
[Site "?"]
[Date "????.??.??"]
[Round "?"]
[White "Misic, A."]
[Black "Malyuga, V."]
[Result "0-1"]
[WhiteElo "1719"]
[BlackElo "2150"]
[Annotator "09"]
[PlyCount "69"]
[EventDate "2015.??.??"]

1. d4 g6 2. c4 Bg7 3. Nc3 d6 4. e4 Nc6 5. Be3 e5 6. d5 Nce7 7. h3 f5 8. f3 Nf6
9. Bd3 O-O 10. Nge2 c6 11. O-O cxd5 12. cxd5 f4 13. Bf2 g5 14. Kh2 h5 15. g3
fxg3+ 16. Nxg3 h4 17. Nf5 Nxf5 18. exf5 Nh5 19. Rg1 Nf4 20. Ne4 Bxf5 21. Rxg5
Bxe4 22. Bxh4 Qd7 23. Bxe4 Qxh3+ 24. Kg1 Qxh4 25. Rg4 Qh6 26. Rc1 Ne2+ 27. Qxe2
Qxc1+ 28. Kf2 Rf4 29. Qd3 Rxg4 30. fxg4 Qf4+ 31. Ke1 Rc8 32. Bh7+ Kh8 33. Bf5
Rc1+ 34. Ke2 Qf1+ 35. Ke3 0-1

[Event "?"]
[Site "?"]
[Date "????.??.??"]
[Round "?"]
[White "Smirnov, A."]
[Black "Tillmann, M."]
[Result "1-0"]
[WhiteElo "2446"]
[BlackElo "2039"]
[Annotator "10"]
[PlyCount "61"]
[EventDate "2015.??.??"]

1. d4 e6 2. c4 Nf6 3. Nc3 c5 4. d5 exd5 5. cxd5 d6 6. e4 g6 7. Nf3 Bg7 8. Nd2
O-O 9. Be2 Na6 10. O-O Nc7 11. a4 Re8 12. f4 b6 13. Re1 Rb8 14. Bf3 Ba6 15. Nf1
Nd7 16. Ne3 Bd4 17. Kh1 Nf6 18. Qc2 Qd7 19. Bd2 Re7 20. h3 Rbe8 21. Kh2 h5 22.
Rad1 Bxc3 23. Bxc3 Nxe4 24. Bxe4 Rxe4 25. Ng4 hxg4 26. Rxe4 gxh3 27. Rxe8+ Qxe8
28. Qf2 Qe4 29. gxh3 Kf8 30. Re1 Qxd5 31. Qh4 1-0

[Event "?"]
[Site "?"]
[Date "????.??.??"]
[Round "?"]
[White "Babarykin, S."]
[Black "Zabolotny, V."]
[Result "1-0"]
[WhiteElo "2369"]
[BlackElo "2018"]
[Annotator "11"]
[PlyCount "79"]
[EventDate "2015.??.??"]

1. d4 Nf6 2. Bf4 g6 3. e3 Bg7 4. Nf3 O-O 5. Be2 d6 6. h3 Nbd7 7. O-O Qe8 8. c4
e5 9. Bh2 Qe7 10. Nc3 c6 11. Rc1 b6 12. b4 Bb7 13. Qb3 h6 14. Rfd1 Nh7 15. dxe5
dxe5 16. Ne4 c5 17. Nd6 Bxf3 18. Bxf3 Rad8 19. Qa4 Ng5 20. Nb7 Nxf3+ 21. gxf3
cxb4 22. Nxd8 Nc5 23. Qxb4 Rxd8 24. Rd5 Qg5+ 25. Bg3 Re8 26. Qd2 Qf6 27. Kg2 e4
28. Qe2 h5 29. Rd6 Qe7 30. Rcd1 Kh7 31. R1d5 Bf6 32. Qd1 Kg8 33. Rc6 h4 34. Bh2
Kg7 35. Bd6 Qb7 36. Rc7 Qa6 37. Bxc5 bxc5 38. Rdxc5 exf3+ 39. Qxf3 Re6 40. R5c6
1-0

[Event "?"]
[Site "?"]
[Date "????.??.??"]
[Round "?"]
[White "Meshkov, Y."]
[Black "Raibl, Z."]
[Result "1-0"]
[WhiteElo "2351"]
[BlackElo "1987"]
[Annotator "12"]
[PlyCount "91"]
[EventDate "2015.??.??"]

1. Nf3 d5 2. c4 c6 3. b3 Bf5 4. Bb2 Nd7 5. g3 Ngf6 6. Bg2 e6 7. O-O Bd6 8. d4
O-O 9. Nc3 h6 10. Nd2 a5 11. a3 Re8 12. e3 Bd3 13. Re1 Bf5 14. f4 Qb8 15. Qe2
a4 16. c5 Bf8 17. Nxa4 Bc2 18. Nc3 b6 19. Rec1 Bf5 20. cxb6 Nxb6 21. Nd1 Rc8
22. h3 Nfd7 23. a4 Rc7 24. Bc3 Nc8 25. Nf2 Bb4 26. Nd3 Bxd3 27. Qxd3 f5 28.
Bxb4 Qxb4 29. Qc3 Qxc3 30. Rxc3 Kf8 31. Rac1 Na7 32. g4 g6 33. Bf3 Ke7 34. Kf2
Rg8 35. Rg1 Nf6 36. h4 fxg4 37. Bxg4 Kd6 38. Bf3 Rcg7 39. Rc5 g5 40. hxg5 hxg5
41. e4 dxe4 42. Rgxg5 Rxg5 43. fxg5 exf3 44. gxf6 Rf8 45. Rg5 Kc7 46. Ne4 1-0

[Event "?"]
[Site "?"]
[Date "????.??.??"]
[Round "?"]
[White "Pakhomov, Alexey"]
[Black "Wirth, Adam"]
[Result "1-0"]
[WhiteElo "2335"]
[BlackElo "1964"]
[Annotator "13"]
[PlyCount "115"]
[EventDate "2015.??.??"]

1. c4 e5 2. Nc3 Nf6 3. e4 c5 4. g3 Nc6 5. Bg2 g6 6. Nge2 Bg7 7. O-O O-O 8. d3
h6 9. Be3 d6 10. h3 Kh7 11. a3 a6 12. Rb1 Bd7 13. b4 b6 14. Kh2 Ng8 15. Nd5 Nd4
16. bxc5 bxc5 17. Nb6 Rb8 18. Nxd7 Qxd7 19. Nc3 Ne7 20. Bxd4 exd4 21. Qa4 Qxa4
22. Nxa4 Nc6 23. f4 Rxb1 24. Rxb1 Rb8 25. Rxb8 Nxb8 26. h4 Bf8 27. Bh3 Kg7 28.
Kg2 Kf6 29. Kf3 Be7 30. Nb6 Bd8 31. Nd7+ Nxd7 32. Bxd7 Bc7 33. Bc8 a5 34. g4
Bd8 35. Bb7 Bc7 36. Bd5 Bb8 37. g5+ hxg5 38. hxg5+ Ke7 39. f5 Bc7 40. f6+ Ke8
41. Ke2 Bd8 42. Kd1 Bc7 43. Kc2 a4 44. Bc6+ Kd8 45. Bxa4 Ba5 46. Kd1 Bc3 47.
Bc6 Ba5 48. Bd5 Ke8 49. a4 Bc7 50. Ke2 Ba5 51. Kf3 Bd2 52. e5 Kd7 53. a5 Bxa5
54. Bxf7 dxe5 55. Bxg6 Bd2 56. Kg4 Ke6 57. Be4 Kf7 58. Kf5 1-0

[Event "?"]
[Site "?"]
[Date "????.??.??"]
[Round "?"]
[White "Wassin, S."]
[Black "Aleksandrova, A."]
[Result "1-0"]
[WhiteElo "2290"]
[BlackElo "1931"]
[Annotator "14"]
[PlyCount "99"]
[EventDate "2015.??.??"]

1. d4 d5 2. c4 e6 3. Nc3 c6 4. e3 Nd7 5. Bd3 Be7 6. Nf3 Qc7 7. O-O Ngf6 8. e4
dxe4 9. Nxe4 Nxe4 10. Bxe4 Nf6 11. Bc2 c5 12. dxc5 Qxc5 13. Qe2 Bd7 14. Ne5 O-O
15. Nxd7 Nxd7 16. Bxh7+ Kxh7 17. Qd3+ Kg8 18. Qxd7 Bf6 19. Qxb7 Rab8 20. Qe4
Bxb2 21. Rb1 Bd4 22. Be3 e5 23. Bxd4 exd4 24. Qd5 Qxd5 25. cxd5 Rbd8 26. Rb5
Rfe8 27. Rd1 Re5 28. Kf1 Rexd5 29. Rxd5 Rxd5 30. Ke2 Kf8 31. Kd3 Ra5 32. Rd2
Ra4 33. Re2 f5 34. h4 Kf7 35. a3 Rxa3+ 36. Kxd4 Kf6 37. Kc5 Ra4 38. g3 Re4 39.
Ra2 Re7 40. Kd4 g5 41. Ra6+ Kf7 42. hxg5 Rd7+ 43. Ke5 Rd2 44. f4 Rd3 45. Kxf5
Rxg3 46. Rxa7+ Ke8 47. Kg6 Rb3 48. f5 Rb8 49. f6 Kf8 50. Rh7 1-0

[Event "?"]
[Site "?"]
[Date "????.??.??"]
[Round "?"]
[White "Krause, S."]
[Black "Grigorchuk, S."]
[Result "0-1"]
[WhiteElo "1926"]
[BlackElo "2278"]
[Annotator "15"]
[PlyCount "116"]
[EventDate "2015.??.??"]

1. d4 e6 2. c4 Bb4+ 3. Bd2 Bxd2+ 4. Qxd2 Nf6 5. Nc3 d5 6. e3 O-O 7. Nf3 b6 8.
cxd5 Nxd5 9. Rc1 Bb7 10. Be2 Nd7 11. O-O c5 12. Rfd1 Qe7 13. Bb5 Nxc3 14. Rxc3
Bxf3 15. gxf3 cxd4 16. Qxd4 Qg5+ 17. Kh1 Qxb5 18. Qxd7 Qxb2 19. Qd2 Qb5 20. Rc7
Qf5 21. Kg2 a5 22. Qd6 Qg5+ 23. Qg3 Qf6 24. Rd4 e5 25. Rg4 Rac8 26. Rgc4 Rxc7
27. Rxc7 Qd6 28. Rc4 b5 29. Rg4 Qf6 30. Rg5 Re8 31. Rg4 b4 32. Rc4 g6 33. Rc5
a4 34. Rb5 Qd6 35. Qg4 Rb8 36. Ra5 b3 37. axb3 axb3 38. Ra1 b2 39. Rb1 Qd3 40.
Qe4 Qxe4 41. fxe4 Kg7 42. Kf3 Kh6 43. Kg4 Rb4 44. Kf3 Kh5 45. Kg3 Rb3 46. Kh3
g5 47. Kg3 g4 48. h3 gxh3 49. Kxh3 Kg5 50. Rg1+ Kf6 51. Rb1 Rb4 52. Kg3 Ke6 53.
Kf3 f5 54. exf5+ Kxf5 55. e4+ Kg5 56. Kg3 Rb3+ 57. Kg2 Kf4 58. f3 h6 0-1

[Event "?"]
[Site "?"]
[Date "????.??.??"]
[Round "?"]
[White "Krabbe, W."]
[Black "Dukaczewski, P."]
[Result "0-1"]
[WhiteElo "1869"]
[BlackElo "2261"]
[Annotator "16"]
[PlyCount "62"]
[EventDate "2015.??.??"]

1. d4 Nf6 2. c4 g6 3. Nc3 Bg7 4. e4 d6 5. Be2 O-O 6. Bg5 h6 7. Be3 e5 8. d5 c6
9. Qd2 Kh7 10. h3 cxd5 11. cxd5 Nxe4 12. Nxe4 f5 13. Ng5+ hxg5 14. Bxg5 Qe8 15.
h4 Nd7 16. h5 Kg8 17. hxg6 Nf6 18. Bh6 Qxg6 19. Bxg7 Kxg7 20. Nf3 Ne4 21. Qc2
Bd7 22. Qc7 Qf7 23. Qxb7 Rfb8 24. Qa6 Rxb2 25. Nxe5 Qxd5 26. Nxd7 Qd2+ 27. Kf1
Qd4 28. Ke1 Qxf2+ 29. Kd1 Qd4+ 30. Ke1 Qc3+ 31. Kf1 Qg3 0-1

[Event "?"]
[Site "?"]
[Date "????.??.??"]
[Round "?"]
[White "Lebedev, S."]
[Black "Stachanczyk, J."]
[Result "0-1"]
[WhiteElo "1854"]
[BlackElo "2240"]
[Annotator "17"]
[PlyCount "54"]
[EventDate "2015.??.??"]

1. d4 d5 2. Bf4 c5 3. e3 Nf6 4. Nf3 Nc6 5. Nc3 Bg4 6. Bb5 e6 7. h3 Bxf3 8. gxf3
Qb6 9. Rg1 cxd4 10. exd4 Bb4 11. Bxc6+ Qxc6 12. Qd3 Bxc3+ 13. bxc3 O-O 14. Be5
Ne8 15. Qe3 f6 16. Bh2 Rc8 17. Kd2 Rf7 18. h4 Re7 19. Rab1 e5 20. Rb3 Nd6 21.
Qe2 Rce8 22. dxe5 Nc4+ 23. Kc1 Rxe5 24. Bxe5 Rxe5 25. Qf1 Qe6 26. Kd1 Qf5 27.
Qg2 Qf4 0-1

[Event "?"]
[Site "?"]
[Date "????.??.??"]
[Round "?"]
[White "Kasimov, R."]
[Black "Napierala, M."]
[Result "1-0"]
[WhiteElo "2159"]
[BlackElo "1722"]
[Annotator "18"]
[PlyCount "101"]
[EventDate "2015.??.??"]

1. d4 d5 2. Nc3 Nf6 3. Bf4 Nc6 4. e3 a6 5. Nf3 Bg4 6. h3 Bh5 7. Bd3 Nb4 8. g4
Nxd3+ 9. cxd3 Bg6 10. Ne5 e6 11. Rc1 Be7 12. h4 h5 13. g5 Nd7 14. Nxg6 fxg6 15.
Ne2 c6 16. a3 Qa5+ 17. Kf1 Bd8 18. Kg2 Bc7 19. Bxc7 Qxc7 20. Nf4 e5 21. Nxg6
Rg8 22. Qxh5 exd4 23. Nf4+ g6 24. Qg4 Ne5 25. Qe6+ Kf8 26. exd4 Re8 27. Qf6+
Nf7 28. Ne6+ Rxe6 29. Qxe6 Qf4 30. Rce1 Qxd4 31. Rh3 Kg7 32. Rf3 Rf8 33. Qf6+
Qxf6 34. Rxf6 Nd8 35. Re7+ Rf7 36. Rfxf7+ Nxf7 37. Rxb7 Kf8 38. Rb6 Ne5 39.
Rxa6 Nxd3 40. Rxc6 Nxb2 41. Rxg6 d4 42. Rd6 d3 43. h5 Ke7 44. Rd4 Ke6 45. h6
Ke5 46. Rd8 Nc4 47. h7 d2 48. h8=Q+ Kf5 49. Qf6+ Kg4 50. f3+ Kh5 51. Rh8# 1-0

[Event "?"]
[Site "?"]
[Date "????.??.??"]
[Round "?"]
[White "Mackowiak, M."]
[Black "Krajinski, L."]
[Result "1-0"]
[WhiteElo "2140"]
[BlackElo "1683"]
[Annotator "19"]
[PlyCount "89"]
[EventDate "2015.??.??"]

1. c4 Nf6 2. Nc3 e6 3. d4 d5 4. Bg5 Be7 5. e3 c6 6. Nf3 Nbd7 7. Be2 O-O 8. h3
Re8 9. O-O dxc4 10. Bxc4 h6 11. Bh4 Nd5 12. Bg3 N7f6 13. Qc2 Bd7 14. a3 Rc8 15.
e4 Nb6 16. Ba2 c5 17. d5 exd5 18. exd5 Nh5 19. Bh2 Bf6 20. Rad1 g6 21. d6 Bf5
22. Qd2 Be6 23. Bxe6 Rxe6 24. Qxh6 Nc4 25. Qc1 a6 26. g4 Ng7 27. d7 Rcc6 28.
Nd5 b5 29. b3 Nd6 30. Nxf6+ Rxf6 31. Ne5 Rc7 32. Rd5 Nb7 33. Rfd1 Ne6 34. Bg3
Nd4 35. Qe3 Re6 36. Nxf7 Rxe3 37. Nxd8 Rxg3+ 38. fxg3 Nxd8 39. Kf2 Nxb3 40. Re1
Kf7 41. Re8 c4 42. Rxd8 Ke6 43. Re8+ Kxd5 44. d8=Q+ Kc5 45. Qxc7+ 1-0

[Event "?"]
[Site "?"]
[Date "????.??.??"]
[Round "?"]
[White "Scheffner, J."]
[Black "Suder, R."]
[Result "0-1"]
[WhiteElo "1675"]
[BlackElo "2128"]
[Annotator "20"]
[PlyCount "80"]
[EventDate "2015.??.??"]

1. e4 d6 2. g3 Nf6 3. Bg2 g6 4. Ne2 Bg7 5. d3 O-O 6. O-O c6 7. a4 a5 8. c3 e5
9. d4 Be6 10. Nd2 Na6 11. Nb1 Qc7 12. Be3 Ng4 13. Qc2 f5 14. h3 Nxe3 15. fxe3
Bh6 16. Qd2 fxe4 17. Na3 d5 18. dxe5 Qxe5 19. Qd4 Qxd4 20. exd4 Rxf1+ 21. Rxf1
Rf8 22. Kh2 Rxf1 23. Bxf1 Nc7 24. c4 dxc4 25. Nc3 Bg7 26. Nxe4 Bxd4 27. Bxc4
Bd5 28. Nc3 Kf7 29. g4 Kf6 30. Kg3 Ke5 31. h4 Ne8 32. Bd3 Nd6 33. h5 gxh5 34.
Bxh7 hxg4 35. Kxg4 Bxc3 36. bxc3 Bb3 37. c4 Nxc4 38. Nxc4+ Bxc4 39. Bc2 Kd4 40.
Kf4 Kc3 0-1

[Event "?"]
[Site "?"]
[Date "????.??.??"]
[Round "?"]
[White "Frink, F."]
[Black "Koenig, J."]
[Result "1-0"]
[WhiteElo "2123"]
[BlackElo "1640"]
[Annotator "21"]
[PlyCount "35"]
[EventDate "2015.??.??"]

1. e4 e5 2. Nf3 Nc6 3. Bc4 Nf6 4. O-O Be7 5. d4 d6 6. h3 exd4 7. Re1 O-O 8.
Nxd4 Nxd4 9. Qxd4 Bd7 10. Nc3 a6 11. a4 Qc8 12. Bg5 h6 13. Bh4 Re8 14. Rad1 Bc6
15. Nd5 Nxd5 16. exd5 Bxh4 17. dxc6 Bf6 18. cxb7 1-0

[Event "?"]
[Site "?"]
[Date "????.??.??"]
[Round "?"]
[White "Kovalenko, V."]
[Black "Nerlikar, S."]
[Result "1-0"]
[WhiteElo "2068"]
[BlackElo "1479"]
[Annotator "23"]
[PlyCount "103"]
[EventDate "2015.??.??"]

1. e4 e6 2. d4 d5 3. e5 c5 4. c3 Nc6 5. Nf3 Qb6 6. a3 Bd7 7. b4 cxd4 8. cxd4
Rc8 9. Be3 Nge7 10. Bd3 Nf5 11. O-O Be7 12. Nbd2 Nxe3 13. fxe3 O-O 14. Nb3 f6
15. exf6 Rxf6 16. Nc5 Be8 17. Rc1 Rd8 18. b5 Nb8 19. a4 Bxc5 20. Rxc5 Nd7 21.
Rc1 Qd6 22. Qc2 Nf8 23. Qc7 Rf7 24. Qxd6 Rxd6 25. Rc8 Re7 26. Ne5 g6 27. Rfc1
a6 28. Ra8 axb5 29. axb5 Nd7 30. Rcc8 Kf8 31. Nxd7+ Rdxd7 32. b6 Rd6 33. Bb5
Rxb6 34. Rxe8+ Rxe8 35. Bxe8 Kg7 36. Ra2 Kf6 37. Kf2 Ke7 38. Ba4 Ra6 39. Bb3
Rb6 40. Bc2 Rb4 41. Ke2 Kd6 42. Ra1 Kc6 43. Rb1 Kb5 44. Kd2 Rxb1 45. Bxb1 Kb4
46. g4 b5 47. Bd3 Ka4 48. Kc2 b4 49. Kb2 b3 50. h4 Kb4 51. Bxg6 hxg6 52. h5 1-0

[Event "?"]
[Site "?"]
[Date "????.??.??"]
[Round "?"]
[White "Mekus, M."]
[Black "Mate, B."]
[Result "0-1"]
[WhiteElo "1628"]
[BlackElo "2121"]
[Annotator "24"]
[PlyCount "87"]
[EventDate "2015.??.??"]

1. e4 c5 2. d3 Nc6 3. Nf3 g6 4. g3 Bg7 5. Bg2 Nf6 6. O-O d5 7. Nbd2 O-O 8. c3
Qc7 9. Re1 b6 10. Qc2 Ba6 11. Nf1 Rad8 12. Ne3 dxe4 13. dxe4 Bd3 14. Qa4 Bxe4
15. Ng4 Bd5 16. Bf4 Qb7 17. Ne3 Be4 18. Bg5 b5 19. Qa3 Nb8 20. Ne5 Bxg2 21.
Nxg2 Ne4 22. Nf3 Nxg5 23. Nxg5 Qd5 24. Nh3 Nc6 25. Qb3 c4 26. Qc2 Ne5 27. Red1
Nf3+ 28. Kh1 Qc6 29. Ng1 Ne5 30. Qe2 Bf6 31. Rxd8 Rxd8 32. Rd1 Nd3 33. Rd2 Qd7
34. Nf3 Qc6 35. Nfe1 Qd5 36. Nf3 e5 37. Ne3 Qc6 38. Kg1 a5 39. Ne1 e4 40. N1c2
Rd6 41. Ne1 Qd7 42. N1g2 Nc1 43. Rxd6 Nxe2+ 44. Kf1 0-1

[Event "?"]
[Site "?"]
[Date "????.??.??"]
[Round "?"]
[White "Chomu Clement, M."]
[Black "Mikhalionak, A."]
[Result "1/2-1/2"]
[WhiteElo "2120"]
[BlackElo "1617"]
[Annotator "25"]
[PlyCount "68"]
[EventDate "2015.??.??"]

1. d4 Nf6 2. c4 e6 3. Nc3 d5 4. Bg5 Be7 5. e3 O-O 6. Nf3 h6 7. Bh4 b6 8. cxd5
Nxd5 9. Bg3 Bb7 10. Be2 a6 11. O-O c5 12. Rc1 Nxc3 13. bxc3 Nd7 14. Qc2 Nf6 15.
Nd2 cxd4 16. exd4 b5 17. Bf3 Bxf3 18. Nxf3 Rc8 19. a4 Qd5 20. axb5 axb5 21.
Rfe1 Bd6 22. Be5 Bxe5 23. Rxe5 Qd7 24. Qb3 Rb8 25. Rc5 Rb6 26. Ne5 Qb7 27. f3
Nd7 28. Nxd7 Qxd7 29. Rb1 Rfb8 30. Qb4 Qb7 31. Rb2 Qd7 32. Ra2 Qb7 33. Ra5 Qd7
34. Qb3 b4 1/2-1/2

[Event "?"]
[Site "?"]
[Date "????.??.??"]
[Round "?"]
[White "Saraf, S."]
[Black "Kononov, V."]
[Result "0-1"]
[WhiteElo "1579"]
[BlackElo "2096"]
[Annotator "26"]
[PlyCount "72"]
[EventDate "2015.??.??"]

1. e4 g6 2. d4 Bg7 3. Nf3 d6 4. h3 Nf6 5. Nc3 O-O 6. Be3 c6 7. Qd2 b5 8. b4 a5
9. Rb1 axb4 10. Rxb4 Qa5 11. Rb2 b4 12. Nb1 c5 13. e5 Ne4 14. Qd3 b3+ 15. Bd2
Nxd2 16. Nbxd2 bxa2 17. Rxa2 Qxa2 18. Be2 Bf5 19. Qc3 Ra3 20. Nb3 Bxc2 21. Nc1
Rxc3 22. Nxa2 Ra3 23. Nc1 Nc6 24. exd6 exd6 25. dxc5 dxc5 26. O-O Nd4 27. Nxd4
cxd4 28. Bd1 Rc8 29. Re1 Ra1 30. Kf1 Rxc1 31. Bxc2 Rxe1+ 32. Kxe1 Rxc2 33. h4
d3 34. g4 Bd4 35. f3 Be3 36. h5 Rc1# 0-1

[Event "?"]
[Site "?"]
[Date "????.??.??"]
[Round "?"]
[White "Kohnen, K."]
[Black "Tsapalin, S."]
[Result "0-1"]
[WhiteElo "1510"]
[BlackElo "2060"]
[Annotator "27"]
[PlyCount "76"]
[EventDate "2015.??.??"]

1. e4 c5 2. Nf3 Nc6 3. d4 cxd4 4. Nxd4 e5 5. Nb3 Bb4+ 6. c3 Be7 7. Be3 Nf6 8.
Bd3 d5 9. exd5 Nxd5 10. Qf3 Nxe3 11. Qxe3 Bg5 12. Qe2 O-O 13. O-O f5 14. Bc4+
Kh8 15. N1d2 e4 16. Rad1 Qf6 17. Rfe1 Bf4 18. Nf1 Bc7 19. f3 exf3 20. Qxf3 Ne5
21. Qe2 f4 22. Bd5 Bg4 23. Bf3 Bxf3 24. gxf3 Qg6+ 25. Kh1 Rae8 26. Nd4 Qh5 27.
Qg2 Bb6 28. Re4 Bxd4 29. Rdxd4 Nxf3 30. Rxe8 Rxe8 31. Rxf4 Ne1 32. Qe4 h6 33.
Qxb7 Nd3 34. Rf7 Qg6 35. b4 Re2 36. Rf8+ Kh7 37. Qa8 Nf2+ 38. Rxf2 Rxf2 0-1

[Event "?"]
[Site "?"]
[Date "????.??.??"]
[Round "?"]
[White "Gerasimova, O."]
[Black "Ulpins, H."]
[Result "1-0"]
[WhiteElo "2058"]
[BlackElo "1125"]
[Annotator "28"]
[PlyCount "55"]
[EventDate "2015.??.??"]

1. e4 c6 2. d4 d5 3. Nd2 dxe4 4. Nxe4 Bf5 5. Ng3 Bg6 6. Bc4 e6 7. N1e2 Nf6 8.
O-O Bd6 9. f4 Qc7 10. f5 exf5 11. Bf4 O-O 12. Bxd6 Qxd6 13. Bd3 Ng4 14. Qd2 Nd7
15. h3 Rfe8 16. hxg4 Rxe2 17. Nxe2 fxg4 18. Qf4 Qe6 19. Bxg6 hxg6 20. Nc3 Nf6
21. Rae1 Qd7 22. Re5 Kh7 23. Rfe1 Rd8 24. d5 Rh8 25. Re7 Qc8 26. Rxf7 cxd5 27.
Qxf6 Rg8 28. Qh4# 1-0

[Event "?"]
[Site "?"]
[Date "????.??.??"]
[Round "?"]
[White "Miozga, T."]
[Black "Strzelecki, J."]
[Result "1/2-1/2"]
[WhiteElo "1995"]
[BlackElo "2063"]
[Annotator "32"]
[PlyCount "60"]
[EventDate "2015.??.??"]

1. c4 e5 2. Nc3 Nf6 3. g3 d5 4. cxd5 Nxd5 5. Bg2 Nb6 6. Nf3 Nc6 7. O-O Be7 8.
d3 O-O 9. a3 Re8 10. Be3 Bf8 11. Rc1 Nd4 12. Bxd4 exd4 13. Ne4 c6 14. Nc5 Qd6
15. Re1 h6 16. Qb3 g6 17. a4 Bg7 18. a5 Nd7 19. Nxb7 Qc7 20. a6 Rb8 21. Nd2
Bxb7 22. axb7 Rxb7 23. Qa4 Rxb2 24. Bxc6 Rd8 25. Bb5 Qb8 26. Bxd7 Rxd2 27. Rc5
Kh7 28. Bg4 Rb2 29. Kg2 Rb6 30. Ra1 a6 1/2-1/2